Geography by Pictures (Medium-Hard) - G - Statistics

General Stats
  • This quiz has been taken 108 times
  • The average score is 5 of 14
Answer Stats
Picture Hint Answer % Correct
Lake in Europe Lake Geneva
79%
African Country Guinea-Bissau
61%
Pacific Island Guam
58%
Landmark in the U.S. Gateway Arch
56%
City in Australia Gold Coast
55%
State of India Goa, State of
43%
Province of China Guangdong
35%
Caribbean Island Guadeloupe
28%
City in Spain Girona
27%
City in Brazil Goiania
27%
River in India Godavari River
10%
River in the U.S. Green Rivers
10%
Indonesian Island Gili Trawangan
1%
Mountain in Italy Gran Paradiso
1%
No matching quizzes found
Score Distribution
Percent of People with Each Score
Percentile by Number Answered
Your Score History
You have not taken this quiz